000 01341nam0a22003251 4500
001 rc\3930393
005 20130415112312.6
021 _aRU
_b[50-15837]
035 _a(NLR Aleph) 008031924
090 _a8826540
_c8826540
100 _a20130415d1950 |||y0rusy50 ca
101 0 _arus
102 _aRU
105 _ay z |||||
200 1 _aВредное действие курения табака на здоровье человека
210 _aМосква
_cИзд-во и тип. Медгиза
_d1950
215 _a20 с.
_d20
225 1 _aНаучно-популярная медицинская литература
300 _aНа обл.: Канд. мед. наук В.Г. Архангельский. О вреде курения
300 _aПеред загл. авт.: канд. мед. наук В.Г. Архангельский
300 _a2-е изд. вышло под загл.: О вреде курения
512 0 _aО вреде курения
606 _aКурение табака
_2psbo
606 _aНикотин
_xДействие на организм
_2psbo
700 1 _aАрхангельский
_bВ. Г.
_f1896-
_gВладимир Георгиевич
801 0 _aRU
_bNLR
_gpsbo
801 1 _aRU
_bELAR
_2rusmarc
852 _aNLR
_jМд50 Г-4/102
942 _cBOOK
980 _aNB